Women in Contemporary Politics in the Europen Union bakalárska práca

Uložené v:
Podrobná bibliografia
Hlavný autor: Michnová, Lucia
Korporativný autor: Fakulta aplikovaných jazykov EU v Bratislave. Katedra jazykovedy a translatológie
Ďalší autori: Nemcová, Alica
Médium: Kniha
Jazyk:English
Vydavateľské údaje: Bratislava 2016
Tagy: Pridať tag
Žiadne tagy, Buďte prvý, kto otaguje tento záznam!

MARC

LEADER 00000nbm a2200000 4500
001 0217484
005 20170130102403.7
041 0 |a eng 
044 |a SK 
245 1 0 |a Women in Contemporary Politics in the Europen Union  |b bakalárska práca  |c Lucia Michnová ; školiteľ: Alica Nemcová 
264 1 |a Bratislava  |c 2016 
300 |a 45 s. 
100 1 |a Michnová, Lucia 
700 1 |a Nemcová, Alica 
710 2 |a Fakulta aplikovaných jazykov EU v Bratislave. Katedra jazykovedy a translatológie